| 000 | 00630nam a22001937a 4500 | ||
|---|---|---|---|
| 003 | OSt | ||
| 005 | 20180410125905.0 | ||
| 008 | 180410t2017 sp a|||| |||||0|1 0 spa|d | ||
| 017 |
_aDL M 14933-2017 _bOficina DL Madrid |
||
| 020 | _a9788441538979 | ||
| 040 |
_aES-TaURV _bcat _cCDMR |
||
| 100 | 1 | _aRodríguez Fernández, Óscar, | |
| 245 | 1 | 0 |
_aTráfico, tráfico, tráfico _b: las claves del éxito en Internet / _cÓscar Rodríguez Fernández |
| 260 |
_aMadrid : _bEdiciones Anaya Multimedia, _c[2017] |
||
| 300 |
_a223 pàgines : _bil·lustracions ; _c23 cm |
||
| 504 | _aÍndex | ||
| 650 | 4 | _aMàrqueting a Internet | |
| 942 | _cMON | ||
| 999 |
_c7116 _d7116 |
||